01366 2200277 4500001002100000005001500021035002000036008004100056020001800097041000800115082001800123084002400141100001700165245006900182260004600251300002500297504001200322520059100334650001900925990002400944990002400968990002400992990002401016990002401040990002401064INLIS00000000000748620221103044933 a0010-0520007486221103 | | eng  a1-85431-746-6 aeng a346.015 004 2 a346.015 004 2 ROD f0 aRodgers, M.E1 aFamily Law :bBlackstone's LLB Cases & Materials /cM.E. Rodgers aLondon :bBlackstone Press Limited,c1996 axxv, 474 p. ;c29 cm ai.judul aFamily law encompasses a wide range of issues that affect everyone in society to a greater or lesser extent. This text focuses on the key themes within family law, but endeavours to get students to think in a wider context about what in meant by the family and how the state, in its many guises, can influence the family today. Acts covered include the Matrimonial Causes aAct 1973, the Adoption Act 1976, the children Act 1989 and the Family Law Act 1996. The author's accessible styule guides the student through the ever-increasing legislation in a cler, logisal and interesting way. 4ahukum keluarga a00881/MKRI-P/I-2005 a00886/MKRI-P/I-2005 a00886/MKRI-P/I-2005 a00881/MKRI-P/I-2005 a00881/MKRI-P/I-2005 a00886/MKRI-P/I-2005